000
00484nam a2200169Ia 4500
008
090711s9999 xx 000 0 und d
082
_b
1116
100
_a
कर्णिक हेमंत
245
_a
भेदी
260
_b
चंद्रमौळी प्रकाशन
_c
1998
300
_a
176
600
_a
कर्णिक हेमंत
630
_a
भेदी
700
_a
कर्णिक हेमंत
730
_a
भेदी
942
_c
BOOK
999
_c
334033
_d
334033